000 00371nam a2200133Ia 4500
008 150202s9999 xx 000 0 und d
020 _a733520944
050 _aFIC
_bFIC
100 _aMarton, Sandra.
245 4 _aThe taming of Tyler Kincaid /
_cSandra Marton.
260 _aAustralia :
_bHarlequin Books,
_c2000.
300 _a187 pages :
_c18 cm.
650 _aFiction.
999 _c282238
_d282238